Dictionnaire des Finances / (Record no. 164863)

MARC details
000 -LEADER
campo de control de longitud fija 00622nam a22001935i 4500
001 - NÚMERO DE CONTROL
campo de control 164863
003 - IDENTIFICADOR DE NÚMERO DE CONTROL
campo de control ES-MaACL
005 - FECHA Y HORA DE LA ÚLTIMA TRANSACCIÓN
campo de control 20230906213025.0
008 - DATOS DE LONGITUD FIJA--INFORMACIÓN GENERAL
campo de control de longitud fija 991117m18891894fr d |||| | fre d
040 ## - FUENTE DE CATALOGACIÓN
Centro catalogador/agencia de origen M-RAJU
Lengua de catalogación spa
Centro/agencia transcriptor M-RAJU
Centro/agencia modificador CCPB | B
100 1# - ENTRADA PRINCIPAL--NOMBRE DE PERSONA
Nombre de persona Say, Léon.
9 (RLIN) 104098
245 10 - MENCIÓN DEL TÍTULO
Título Dictionnaire des Finances /
Mención de responsabilidad, etc. Léon Say, Louis Foyot, A. Lanjalley.
260 ## - PUBLICACIÓN, DISTRIBUCIÓN, ETC.
Lugar de publicación, distribución, etc. Paris :
Nombre del editor, distribuidor, etc. [s.n.],
Fecha de publicación, distribución, etc. 1889-1894 (
Fabricante Berger-Levrault)
300 ## - DESCRIPCIÓN FÍSICA
Extensión 2 v. ;
Dimensiones 28 cm.
650 #4 - PUNTO DE ACCESO ADICIONAL DE MATERIA--TÉRMINO DE MATERIA
Término de materia o nombre geográfico como elemento de entrada Finanzas-
Subdivisión de forma Diccionarios.
9 (RLIN) 12871
700 10 - ENTRADA AGREGADA--NOMBRE PERSONAL
Nombre de persona Foyot, Louis.
9 (RLIN) 127128
700 10 - ENTRADA AGREGADA--NOMBRE PERSONAL
Nombre de persona Lanjalley, A.
9 (RLIN) 128676
852 ## - LOCALIZACIÓN
Ubicación ES-MaACL
Número de control de estantería B-5363-64
Nota libre -- Enc. pasta
Holdings
Estatus retirado Estado de pérdida Estado de daño No para préstamo Colección Biblioteca de origen Biblioteca actual Ubicación en estantería Fecha de adquisición Total de préstamos Signatura topográfica completa Código de barras Visto por última vez Precio de reemplazo Tipo de ítem Koha
        Libros del s. XIX Biblioteca del Ateneo de Madrid Biblioteca del Ateneo de Madrid Sala Pardo Bazán 17/01/2008   B-5363-64 1172824 23/02/2023 23/02/2023 Libro impreso antiguo